Les personnages de Disney par ordre alphabétique - Statistiques

Statistiques générales
  • Ce quiz a été pris 3 388 fois
    3 356 depuis la dernière actualisation
  • Le résultat moyen est 18 sur 25
Statistiques - réponses
Lettre Dessin animé dans lequel il apparaît Personnages à trouver % Correct
O La Reine des Neiges Olaf
94%
N Le Roi Lion Nala
90%
U La Petite Sirène Ursula
90%
W Peter Pan Wendy Darling
89%
D Blanche-Neige et les Sept Nains Dormeur
87%
E Le Bossu de Notre-Dame Esméralda
87%
T Winnie l'Ourson Tigrou
84%
G La Belle et la Bête Gaston
83%
M Rebelle Mérida
82%
S Blanche-Neige et les Sept Nains Simplet
82%
H La Reine des Neiges Hans
81%
Q Le Bossu de Notre-Dame Quasimodo
80%
C Peter Pan Capitaine Crochet
76%
A Cendrillon Anastasie
74%
R Ratatouille Rémy
74%
B Les Aristochats Berlioz
73%
L La Belle et le Clochard Lady
68%
F Bambi Fleur
65%
I Aladdin Iago
63%
P Robin des Bois Petit Jean
55%
Z La Belle et la Bête Zip
54%
Y Kuzco, l'empereur mégalo Yzma
50%
J Toy Story Jessie
49%
K Kuzco, l'empereur mégalo Kronk
39%
V Rox et Rouky Veuve Tartine
9%
Aucun quiz correspondant
Distribution des résultats
% des personnes avec chaque résultat
Percentile par nombre de réponses
Votre historique - résultats
Vous n’avez pas pris ce quiz depuis la dernière actualisation